Marvel Superhero Aliases according to the MCU Wikia - Statistics

General Stats
  • This quiz has been taken 65 times
  • The average score is 7 of 15
Answer Stats
Hint Answer % Correct
Queens' Own Colorful Local Crime-Stopper Spiderman
87%
Puny God Loki
81%
A Really Good Lawyer Daredevil
69%
Sokovian Fortune-Teller Scarlet Witch
69%
Infantilized Sequoia Groot
57%
Perpendicular Grape in Need of Chapstick and a Heart Thanos
57%
Ninety-Pound Asthmatic Captain America
48%
Mr. Furry Nick Fury
48%
Guy Dressed Like Dungeons & Dragons Doctor Strange
46%
The Most Famous Mass-Murderer in the History of America Iron Man
46%
One Woman Security Force Captain Marvel
37%
Cat Lover Black Panther
28%
Galaxy-Class Killer Gamora
22%
Nick Fury (not the actual Nick Fury) Mysterio
9%
The Most Dangerous Man on Earth Wenwu
6%
No matching quizzes found
Score Distribution
Percent of People with Each Score
Percentile by Number Answered
Your Score History
You have not taken this quiz